000
00349nam a2200145 a 4500
005
20140414093841.0
008
071011s19uu xx uuu eng d
050
_a
VCD 790
_b
TRU 1998
245
_a
The truman show.
260
_a
Sl :
_b
Paramount Pictures,
_c
c1998.
300
_a
2 videodisk
650
_a
Film.
942
_c
AVM
999
_c
109294
_d
109294